000 00634nam a2200241 i 4500
001 C2-0236390
003 PPAK
005 20180727200207.0
008 011004s1957 enka|||| ||||| | eng d
040 _aPPAK
_beng
_cPPAK
_erda
082 0 4 _a540
_223
090 0 0 _a540
_bGOD
_dKSI
100 1 _aGoddard, F. W.,
_eauthor
245 1 2 _aA school chemistry for today
264 1 _aLondon :
_bLongmans ,
_c1957
300 _axii, 544 pages :
_billustrations ;
_c19 cm
336 _2rdacontent
_atext
337 _2rdamedia
_aunmediated
338 _2rdacarrier
_avolume
650 1 0 _aChemistry
700 _eauthor
942 _ddc
_cB
999 _c52213
_d52213